000 00532nam a2200193Ia 4500
003 GCL
008 140319s9999 xx 000 0 eng d
040 _aGCL /
_cGCL
082 0 4 _a411.09
_bZ A
100 1 _aZALI, ANNE
245 1 0 _aL'AVENTURE DES ECRITURES CAHIERS PEDOGOGIQUES DE EXPOSITIONS /
_cZALI, ANNE
700 1 _aBERTHIER, ANNIE
260 _a[S.N] :
_bBIBLIIOTHE'QUE NATIONALE DU QUE'BEC ،
_c1997
300 _a68 P
650 0 4 _aWRITING
650 0 4 _aLANGUAGES
650 0 4 _aWRITING - HISTORY
942 _2ddc
_cBK
999 _c16332
_d16332